| 000 | 00517nam a2200193 a 4500 | ||
|---|---|---|---|
| 001 | 1621 | ||
| 003 | CDMR | ||
| 005 | 20131127180242.0 | ||
| 008 | 130130s1959||||||||||||||||||||||||||||d | ||
| 040 |
_aCDMR _bcat _cCDMR |
||
| 100 | 1 |
_aLetheve, Jacques _91221 |
|
| 245 | 1 | 0 |
_aImpressionistes et symbolistes devant la presse _cpar Jaques Lethève |
| 260 |
_aParis _c1959 _bArmand Colin |
||
| 300 | _a302 | ||
| 490 | 0 |
_aKioske _v1 |
|
| 650 | 0 | 4 |
_94244 _aCrítica d'art |
| 650 | 0 | 4 |
_93416 _aCrítica literària |
| 942 |
_cMON _2udc |
||
| 999 |
_c1621 _d1621 |
||